000 00829nam a22002777a 4500
001 BR9904602
003 BR-BrBNA
005 20230928100436.0
007 ta
008 230509b bl.||||| |||| 00| 0 por d
040 _aBR-BrBNA
_bpor
_cBiblioteca Nacional de Agricultura
041 _a(Por)
072 _aE14
090 _ E14 BR9904602
110 1 _aSecretaria de Estado da Agricultura, Palmas, TO (Brasil)
_98841
245 1 _aPlano Diretor de Desenvolvimento Integrado da Agricultura e Pecuaria do Estado do Tocantins; relatorio final
260 3 _aPalmas, TO (Brasil):
_c1998.
300 _avp.
500 _atables
650 _aPecuaria
650 _aDesenvolvimento Rural Integrado
650 _aDesenvolvimento Sustentavel
650 _aTocantins
909 _a202309
_bLucia
_c55
_dLucia Elande
942 _cBK
999 _c61343
_d61343